Miasta w Polsce zakończone na -skie na mapie - Statystyki

Ogólne statystyki
  • Ten quiz został rozwiązany 168 razy
  • Średni wynik to 10 z 20
Odpowiedzi na mapie
Odpowiedzi zakodowano w zielono-czerwonej skali na mapie do tego quizu, zgodnie z poniższymi procentami.
 
Statystyki odpowiedzi
Województwo Miasto % Poprawnych
Świętokrzyskie Końskie
71%
Śląskie Piekary Śląskie
71%
Śląskie Siemianowice Śląskie
70%
Opolskie Strzelce Opolskie
69%
Lubelskie Opole Lubelskie
61%
Lubuskie Strzelce Krajeńskie
57%
Dolnośląskie Ząbkowice Śląskie
55%
Dolnośląskie Stronie Śląskie
53%
Zachodniopomorskie Drawsko Pomorskie
52%
Lubuskie Krosno Odrzańskie
51%
Warmińsko-mazurskie Nowe Miasto Lubawskie
51%
Kujawsko-pomorskie Sępólno Krajeńskie
48%
Dolnośląskie Kąty Wrocławskie
47%
Śląskie Miasteczko Śląskie
39%
Dolnośląskie Oborniki Śląskie
38%
Kujawsko-pomorskie Jabłonowo Pomorskie
37%
Opolskie Kolonowskie
35%
Kujawsko-pomorskie Kowalewo Pomorskie
35%
Lubuskie Ośno Lubuskie
33%
Wielkopolskie Miasteczko Krajeńskie
29%
Nie znaleziono quizów pasujących do podanych kryteriów
Rozkład punktacji
Procent ludzi z każdym wynikiem
Percentyl według liczby udzielonych odpowiedzi
Twoja historia wyników
Nie rozwiązałeś tego quizu